|
|
|
|
| LEADER |
00000nam0a2200000 4500 |
| 001 |
123598 |
| 005 |
20231101215821.0 |
| 020 |
|
|
|a RU
|b 88-28248
|
| 035 |
|
|
|a (RuTPU)RU\TPU\book\133782
|
| 090 |
|
|
|a 123598
|
| 100 |
|
|
|a 20071020d1987 k y0rusy5003 ca
|
| 101 |
0 |
|
|a rus
|
| 102 |
|
|
|a RU
|
| 105 |
|
|
|a y z 001zy
|
| 200 |
1 |
|
|a Теория кратных тригонометрических сумм
|f Г. И. Архипов, А. А. Карацуба, В. Н. Чубариков
|
| 210 |
|
|
|a Москва
|c Наука
|d 1987
|
| 215 |
|
|
|a 368 с.
|c ил.
|
| 320 |
|
|
|a Библиогр.: с. 365-368.
|
| 606 |
|
|
|a Тригонометрические суммы
|2 stltpush
|3 (RuTPU)RU\TPU\subj\61605
|9 78788
|
| 610 |
1 |
|
|a теория
|
| 610 |
1 |
|
|a суммы Г. Вейля
|
| 610 |
1 |
|
|a кратные тригонометрические суммы
|
| 610 |
1 |
|
|a проблемы Гильберта-Камке
|
| 675 |
|
|
|a 511.336
|v 3
|
| 700 |
|
1 |
|a Архипов
|b Г. И.
|g Геннадий Иванович
|4 070
|
| 701 |
|
1 |
|a Карацуба
|b А. А.
|g Анатолий Алексеевич
|
| 701 |
|
1 |
|a Чубариков
|b В. Н.
|g Владимир Николаевич
|
| 801 |
|
0 |
|a RU
|b RuMRKP
|c 19950417
|g psbo
|
| 801 |
|
1 |
|a RU
|b 63413507
|c 20071020
|g PSBO
|
| 801 |
|
2 |
|a RU
|b 63413507
|c 20180202
|g PSBO
|
| 942 |
|
|
|c BK
|